00495nam a22001697a 450000500170000001000170001702000260003403500170006003700170007708200060009410000170010024500790011726000400019627000480023630000220028450000190030620140811125445.0 aB-506343-348 a9789380828473c295.00 aB-506343-348 aKBD/Venbdpl aN aDhar, Mainak aHindustaan :cby Mainak Dharbwhat if the british never conquered India? / aNew DelhibVitasta Publishersc2012 a2/15, Ansari Road, DaryaganjbDelhie110002 a285p.c24cms(pbk) aincludes index